000 01764nam a2200241 a 4500
999 _c16625
_d16625
020 _a0132702320 (hardcover)
020 _a9780132702324 (hardcover)
082 _a621.9KIB
100 1 _aKibbe, Richard R.
245 1 0 _aMachine Tool Practices /
250 _a6th ed.
260 _a[S.l.] :
_bPrentice Hall,
_c2013.
300 _a822 p. ;
490 1 _a6th edition.
520 _aThis richly illustrated and timely guide provides a solid background in the standard practices of machining technology, covering the core subject areas essential for today's computer numerical control (CNC) and conventional machine operators, general machinists or tool and die makers. Each section begins with an introductory overview, followed by easy-to-read instructional units designed around specific projects that accurately reflect the state of the art in industrial machine shop environments. Uses graphic explanations to demonstrate important concepts, common errors, and difficulties encountered by machinists, and integrates over 1,850 illustrations demonstrating use of tools and machines. Now expands development of trigonometry and geometry dimensions and tolerances; adds color inserts throughout highlighting shop tips, safety tips, new technology, and career tips, and; provides more insight into the processes and tools and to encourage readers pursue further research on adjunct topics. For professionals in machine processes, industrial technology, industrial mechanics, and industrial engineering.
650 _aMachine-shop practice
650 _aMachine-tools
700 1 _aNeely, John E.
700 1 _aMeyer, Roland O.
700 1 _aWhite, Warren T.
856 4 0 _uhttp://www.amazon.com/exec/obidos/ASIN/0132702320/chopaconline-20
942 _cBK